LEADER 03412nam 2200685Ia 450 001 9910450793303321 005 20200520144314.0 010 $a1-280-32609-3 010 $a0-203-28422-4 010 $a0-203-16832-1 035 $a(CKB)1000000000250667 035 $a(EBL)167578 035 $a(OCoLC)252789074 035 $a(SSID)ssj0000298915 035 $a(PQKBManifestationID)11278318 035 $a(PQKBTitleCode)TC0000298915 035 $a(PQKBWorkID)10236141 035 $a(PQKB)11148542 035 $a(SSID)ssj0000173531 035 $a(PQKBManifestationID)11181905 035 $a(PQKBTitleCode)TC0000173531 035 $a(PQKBWorkID)10164187 035 $a(PQKB)11615398 035 $a(MiAaPQ)EBC167578 035 $a(Au-PeEL)EBL167578 035 $a(CaPaEBR)ebr10166080 035 $a(CaONFJC)MIL32609 035 $a(EXLCZ)991000000000250667 100 $a19921228d1993 uy 0 101 0 $aeng 135 $aur|n|---||||| 181 $ctxt 182 $cc 183 $acr 200 10$aHow nuclear weapons spread$b[electronic resource] $enuclear-weapon proliferation in the 1990s /$fFrank Barnaby 210 $aLondon ;$aNew York $cRoutledge$d1993 215 $a1 online resource (140 p.) 225 1 $aOperational level of war 300 $aDescription based upon print version of record. 311 $a1-138-99177-5 311 $a0-415-07674-9 320 $aIncludes bibliographical references (p. 143-144) and index. 327 $aBOOK COVER; HALF-TITLE; SERIES TITLE; TITLE; COPYRIGHT; CONTENTS; INTRODUCTION; 1 THE LINK BETWEEN PEACEFUL AND MILITARY NUCLEAR PROGRAMMES; 2 NUCLEAR POWER IN ELECTRICAL ENERGY SUPPLY; 3 THE PLUTONIUM ECONOMY AND HIGHLY ENRICHED URANIUN; 4 THE COMPONENTS OF NUCLEAR AND THERMONUCLEAR WEAPONS; 5 NUCLEAR-WEAPON TESTING; 6 DISMANTLING NUCLEAR WEAPONS; 7 DISPOSING OF PLUTONIUM; 8 THE PROSPECTS FOR THE NUCLEAR ARSENALS; 9 INDIA'S NUCLEAR PROGRAMME; 10 PAKISTAN'S NUCLEAR PROGRAMME; 11 ISRAEL'S NUCLEAR PROGRAMME; 12 IRAQ'S NUCLEAR-WEAPON PROGRAMME; 13 NORTH KOREA'S NUCLEAR PROGRAMME 327 $a14 ARGENTINA'S NUCLEAR PROGRAMME15 BRAZIL'S NUCLEAR PROGRAMME; 16 SOUTH AFRICA'S NUCLEAR PROGRAMME; 17 IRAN'S NUCLEAR PROGRAMME; 18 NUCLEAR PROLIFERATION TO SUB-NATIONAL GROUPS; 19 PREVENTING THE SPREAD OF NUCLEAR WEPONS; 20 THE PROLIFERATION OF NUCLEAR WEAPON DELIVERY SYSTEMS; APPENDIX; REFERENCES 330 $aIn How Nuclear Weapons Spread, Frank Barnaby examines the far-reaching effects - both beneficial and detrimental - of nuclear weapons. He looks in detail at the nuclear programmes of Third World countries, including India, Israel and Pakistan which have or could very rapidly acquire nuclear weapons, and assesses the nuclear capabilities of countries such as Iran, Iraq and North Korea. He also considers the alarming possibility that terrorists might obtain nuclear weapons, and considers methods of controlling their spread. 410 0$aOperational level of war. 606 $aNuclear nonproliferation 606 $aNuclear weapons 608 $aElectronic books. 615 0$aNuclear nonproliferation. 615 0$aNuclear weapons. 676 $a327.1/74 700 $aBarnaby$b Frank$093349 801 0$bMiAaPQ 801 1$bMiAaPQ 801 2$bMiAaPQ 906 $aBOOK 912 $a9910450793303321 996 $aHow nuclear weapons spread$91990501 997 $aUNINA LEADER 01770nam 22005655u 450 001 9910148811503321 005 20211006144916.0 010 $a9783318046656 010 $a3318046655 035 $a(CKB)3780000000102513 035 $a(OCoLC)1046110253 035 $a(SZ-BaSKA)221816 035 $a(MiAaPQ)EBC31865192 035 $a(Au-PeEL)EBL31865192 035 $a(EXLCZ)993780000000102513 100 $a20211006d1990 uy 0 101 0 $aeng 135 $aurunu||||| 181 $ctxt$2rdacontent 182 $cc$2rdamedia 183 $acr$2rdacarrier 200 10$aEndothelium-Derived Contracting Factors : $e1st International Symposium on Endothelium-Derived Vasoactive Factors, Philadelphia, May 1989 / $f editors, G.M. Rubanyi, P.M. Vanhoutte 205 $a1st ed. 210 $aBasel : $cS. Karger, $d1990 215 $a1 online resource (X + 238 pages) : $c 91 figures, 16 tables 311 08$a9783805550925 311 08$a3805550928 606 $aCardiovascular System 606 $aPharmacology 606 $aArteriosclerosis 606 $aMicrocirculation 606 $aPathology 606 $aPhysiology 615 14$aCardiovascular System 615 14$aPharmacology 615 24$aArteriosclerosis 615 24$aMicrocirculation 615 24$aPathology 615 24$aPhysiology 676 $a612.1/3 700 $aRubanyi$b G.M 701 $aRubanyi$b Gabor M.$f1947-$01144542 701 $aVanhoutte$b Paul M$0298936 712 12$aInternational Symposium on Endothelium-Derived Vasoactive Factors (1st : 1989 : Philadelphia, Pa.). 801 0$bUKSKG 801 1$bUKSKG 906 $aBOOK 912 $a9910148811503321 996 $aEndothelium-Derived Contracting Factors$92868167 997 $aUNINA